| 000 | 00413cam a2200169 4500 | ||
|---|---|---|---|
| 001 | D14436 | ||
| 008 | 090401t1947 xxu||||| |||| 00| 0 eng d | ||
| 035 | _a(Sirsi) u15714 | ||
| 041 | _aeng | ||
| 100 | _aWhiffen, R.B. | ||
| 245 | 4 | _aThe art collector`s and chattel auctioneer`s handbook | |
| 260 |
_aLondon _bEstates Gazette _c1947 |
||
| 350 | _a0 | ||
| 520 | _aShelf 137 | ||
| 942 | _n0 | ||
| 948 | _c04/03/1997 | ||
| 999 |
_c87302 _d87302 |
||